[Event "Sheikh Russel GM 2021"]
[Site "Dhaka"]
[Date "2021.10.27"]
[Round "9.19"]
[White "Gleizerov, Evgeny"]
[Black "Alinasab, Mobina"]
[Result "1-0"]
[WhiteElo "2443"]
[BlackElo "2309"]
[Annotator "NA"]
[PlyCount "97"]
[EventDate "2021.10.19"]
[EventType "swiss"]
[EventCountry "BAN"]
[SourceTitle "playchess.com"]
[Source "ChessBase"]
[SourceQuality "1"]
[TimeControl "40/5400+30:1800+30"]

1. d4 {[%emt 0:00:05]} d5 {[%emt 0:00:05]} 2. c4 {[%emt 0:00:05]} e6 {[%emt 0:00:03]} 3. Nf3 {[%emt 0:00:05]} Nf6 {[%emt 0:00:04]} 4. g3 {[%emt 0:00:04]} dxc4 {[%emt 0:00:04]} 5. Bg2 {[%emt 0:00:04]} c6 {[%emt 0:00:05]} 6. Ne5 {[%emt 0:07:59]} Bb4+ {[%emt 0:00:11]} 7. Nc3 {[%emt 0:00:05]} Nd5 {[%emt 0:00:17]} 8. Bd2 {[%emt 0:00:05]} a5 {[%emt 0:03:48]} (8... Nb6 $11) 9. Nxc4 {[%emt 0:02:27]} O-O {[%emt 0:00:36]} 10. O-O {[%emt 0:03:24]} Nd7 {[%emt 0:03:26]} 11. e4 {[%emt 0:03:37]} N5b6 {[%emt 0:04:04]} 12. Nxb6 {[%emt 0:02:49]} Nxb6 {[%emt 0:00:44]} 13. a3 {[%emt 0:03:39]} Be7 {[%emt 0:00:35]} 14. Be3 {[%emt 0:10:08]} Nc4 {[%emt 0:07:50]} 15. Qe2 {[%emt 0:03:16]} Nxe3 {[%emt 0:06:00]} 16. Qxe3 {[%emt 0:02:38]} Qb6 {[%emt 0:00:08] [#]} (16... e5 $5 17. dxe5 a4 $11) 17. e5 $1 {[%emt 0:03:30]} f6 {[%emt 0:23:42]} ({Don't go for} 17... Qxb2 $2 18. Rfb1 $18) 18. Na4 {[%emt 0:07:48]} Qb5 {[%emt 0:06:43]} 19. b3 $16 {[%emt 0:00:19]} Qa6 {[%emt 0:11:21]} 20. Rfc1 {[%emt 0:04:38]} Qa7 {[%emt 0:01:06]} 21. f4 {[%emt 0:12:52]} fxe5 {[%emt 0:09:36]} 22. fxe5 {[%emt 0:00:57]} Rd8 {[%emt 0:04:29]} 23. Nc5 {[%emt 0:04:03]} b6 {[%emt 0:00:18]} 24. Nd3 {[%emt 0:00:38]} Bb7 {[%emt 0:03:54]} 25. Nf4 {[%emt 0:01:55]} Bg5 {[%emt 0:01:00]} 26. Bxc6 {[%emt 0:02:33]} b5 {[%emt 0:01:55]} 27. Bxb7 {[%emt 0:01:33]} Qxb7 {[%emt 0:00:02]} 28. Rc5 {[%emt 0:01:36]} Rd7 {[%emt 0:00:12]} 29. Rf1 {[%emt 0:02:06]} Qb6 {[%emt 0:02:45]} 30. Qe4 {[%emt 0:10:09]} Rf8 {[%emt 0:00:23]} 31. Ne2 {[%emt 0:03:53]} Re8 {[%emt 0:09:31]} 32. Qf3 {[%emt 0:02:41]} g6 {[%emt 0:00:36]} 33. Rc6 {[%emt 0:00:41]} Qd8 {[%emt 0:00:48]} 34. Qd3 {[%emt 0:02:10]} Qb8 {[%emt 0:00:34]} 35. Rc5 {[%emt 0:00:52]} b4 {[%emt 0:00:16]} 36. a4 {[%emt 0:00:34]} Qa7 {[%emt 0:00:40]} 37. Qe4 {[%emt 0:01:22]} Bd8 {[%emt 0:00:23]} 38. Rc4 {[%emt 0:00:42]} Bb6 {[%emt 0:00:20]} 39. Kg2 {[%emt 0:00:28]} Red8 {[%emt 0:00:42]} 40. Qc6 {[%emt 0:00:00]} Re7 {[%emt 0:00:00]} 41. Nf4 {[%emt 0:04:14]} Qa8 {[%emt 0:15:14]} 42. Rf3 {[%emt 0:06:25]} Rde8 {[%emt 0:08:58]} 43. Qxb6 {[%emt 0:04:45]} g5 {[%emt 0:02:53]} 44. Qc6 {[%emt 0:00:36]} gxf4 {[%emt 0:00:12]} 45. Qxa8 {[%emt 0:00:07]} Rxa8 {[%emt 0:00:03]} 46. Rxf4 {[%emt 0:00:05]} Rd8 {[%emt 0:00:09]} 47. Kf3 {[%emt 0:00:48]} Kg7 {[%emt 0:01:01]} 48. Rc5 {[%emt 0:00:15]} h5 {[%emt 0:00:27]} 49. Ke3 {[%emt 0:00:37]} 1-0

[Event "Sheikh Russel GM 2021"]
[Site "Dhaka"]
[Date "2021.10.27"]
[Round "9.20"]
[White "Ghosh, Chanchal Kumer"]
[Black "Ulybin, Mikhail"]
[Result "*"]
[WhiteElo "2024"]
[BlackElo "2443"]
[Annotator "TA"]
[PlyCount "92"]
[EventDate "2021.10.19"]
[EventType "swiss"]
[EventCountry "BAN"]
[SourceTitle "playchess.com"]
[Source "ChessBase"]
[SourceQuality "1"]

{[%evp 10,92,-1,-34,-33,-64,-62,-67,50,53,35,29,29,43,31,19,24,0,0,0,0,-153,172,172,179,177,177,175,175,185,174,138,137,133,122,130,141,92,102,106,101,97,81,58,61,0,36,0,0,0,0,0,0,0,0,0,0,0,0,0,0,0,125,135,130,134,134,142,135,136,134,139,128,40,40,40,40,33,40,15,15,15,15,15,15]} 1. e4 e6 2. Nf3 d5 3. Nc3 Nf6 4. e5 Nfd7 5. d4 c5 6. Bg5 Qb6 {C11: French: Classical System: 4 e5 and 4 Bg5 dxe4.} 7. dxc5 Bxc5 8. Qd2 ({Much weaker is} 8. Bb5 Bxf2+ 9. Kf1 a6 $17) 8... Bxf2+ 9. Qxf2 $14 Qxb2 {[%mdl 64] [#] Double Attack} 10. Kd2 Qxa1 {[#]} 11. Bb5 $1 {Threatening mate with Qc5.} Qxh1 12. Qc5 $40 {[%cal Rc5c8][%mdl 128] Black needs to defend precisely.} Qxg2+ {[#]} 13. Ne2 $146 {[%cal Rc5c8]} ({Predecessor:} 13. Kc1 Qxg5+ 14. Nxg5 Na6 15. Qd6 h6 16. Nxd5 exd5 17. e6 hxg5 18. Bxd7+ Kd8 19. e7# {1-0 (19) Moll,A (2217)-Wiebe,I (1997) Chess.com INT 2020}) 13... Qxg5+ 14. Nxg5 Nc6 $1 15. Qd6 (15. Bxc6 $11 bxc6 16. Qxc6) 15... h6 $2 (15... Nb6 $1 $17 {keeps the pressure on.} 16. Nd4 Bd7 17. Nxc6 bxc6) 16. Nxe6 $1 $18 fxe6 17. Bxc6 bxc6 18. Qxe6+ Kd8 {[#]} 19. Qd6 $1 Ke8 20. Qxc6 Rb8 21. e6 {[%mdl 64] aiming for Nd4. Pin} Kd8 22. Qxd5 {[%mdl 64] Pin} Rb6 23. Nd4 Kc7 {With the idea ...Nf6.} 24. exd7 Bxd7 25. Qe5+ Kc8 26. c4 {[%mdl 1024] White has strong compensation.} Re8 27. Qd5 (27. Qxg7 $14 Rb2+ 28. Kc3 Rxh2 29. c5 Rh3+ 30. Kc4) 27... Kc7 (27... Rb2+ {is interesting.} 28. Kd3 Rxa2 29. Qc5+ Kd8 30. Qd6 Kc8) 28. c5 Rf6 29. Qg2 g5 30. Qg3+ Kb7 31. Qb3+ Kc7 32. Qg3+ (32. Qd5 {feels hotter.} Ba4 33. Kc3 Bd7 34. Kd2) 32... Kb7 33. Qb3+ Kc8 {...Rf2+ is the strong threat.} 34. Qc4 {Black must now prevent c6.} Kc7 (34... Rf2+ 35. Kd3 $18) 35. c6 Rf2+ {[#]} (35... Bxc6 $11 {remains equal.} 36. Nxc6 Rxc6 37. Qf7+ {[%mdl 64] Double Attack} Kd8) 36. Kc3 $1 $16 Re3+ 37. Kb4 Rb2+ 38. Ka4 Be8 39. Nb5+ Rxb5 40. Kxb5 {[%mdl 4096] Endgame KQ-KRB} Re5+ 41. Kb4 (41. Ka6 $16) 41... Bxc6 $14 {Strongly threatening ...Re4.} 42. Qf7+ Bd7 $1 43. Qg7 Re6 44. a4 Re4+ {The position is equal.} 45. Kc5 Rxa4 46. Qxh6 Ra5+ {Black escapes into a draw.  Weighted Error Value: White=0.14/Black=0.22} *

[Event "Sheikh Russel GM 2021"]
[Site "Dhaka"]
[Date "2021.10.27"]
[Round "9.21"]
[White "Mohammad Nubairshah Shaikh"]
[Black "Mohammad Fahad, Rahman"]
[Result "1-0"]
[WhiteElo "2440"]
[BlackElo "2330"]
[Annotator "TA"]
[PlyCount "47"]
[EventDate "2021.10.19"]
[EventType "swiss"]
[EventCountry "BAN"]
[SourceTitle "playchess.com"]
[Source "ChessBase"]
[SourceQuality "1"]

{[%evp 14,47,10,8,20,8,14,0,29,0,0,0,17,22,25,0,2,0,0,-26,50,25,65,41,47,45,73,49,60,65,66,57,201,168,1478,1461]} 1. Nf3 d5 2. g3 g6 3. d4 Bg7 4. Bg2 c6 5. O-O Nf6 6. Bf4 O-O 7. Qc1 Qb6 8. c4 Bf5 {D02: 1 d4 d5 2 Nf3 sidelines, including 2...Nf6 3 g3 and 2...Nf6 3 Bf4.} 9. c5 Qa6 10. Nc3 Ne4 {The position is equal.} 11. Re1 Nd7 12. Bh6 Nxc3 13. bxc3 b6 14. Bxg7 Kxg7 {[#]} 15. Nh4 $146 ({Predecessor:} 15. cxb6 axb6 16. Nh4 Be6 17. e4 Qa3 18. Qd2 dxe4 19. Bxe4 Nf6 20. Bg2 Bd5 21. Qg5 {½-½ (38) Libiszewski,F (2507)-Bacrot,E (2718) Chess.com INT 2018}) 15... Be6 16. cxb6 Nxb6 (16... axb6 $11 17. e4 Rfe8) 17. a4 {[%cal Ba2a4,Ba4a5][%mdl 32]} Rfc8 18. a5 Nc4 19. e4 Rab8 {[#]} 20. Nf5+ $1 Bxf5 ({Don't play} 20... gxf5 21. Qg5+ Kh8 22. exf5 $16) 21. exf5 Qb7 22. h4 Qd7 {[#]} (22... Re8 $14) 23. Bh3 $1 $18 {Threatens to win with f6+!} Re8 $2 (23... e6) 24. f6+ $1 {[%mdl 64] Discovered Attack.  Weighted Error Value: White=0.10/Black=0.29} 1-0

[Event "Sheikh Russel GM 2021"]
[Site "Dhaka"]
[Date "2021.10.27"]
[Round "9.22"]
[White "Harikrishnan.A.Ra"]
[Black "Nandhidhaa, P V"]
[Result "*"]
[WhiteElo "2429"]
[BlackElo "2318"]
[Annotator "NA RC"]
[PlyCount "53"]
[EventDate "2021.10.19"]
[EventType "swiss"]
[EventCountry "BAN"]
[SourceTitle "playchess.com"]
[Source "ChessBase"]
[SourceQuality "1"]
[TimeControl "40/5400+30:1800+30"]

{[%evp 8,36,68,67,85,57,55,43,48,32767,32767,32767,32767,43,45,53,70,41,58,32767,62,0,21,25,33,26,26,-42,-51,-52,-37]} 1. d4 {[%emt 0:00:05]} Nf6 {[%emt 0:00:14]} 2. c4 {[%emt 0:00:04]} e6 {[%emt 0:00:03]} 3. Nf3 {[%emt 0:00:05]} c5 {[%emt 0:00:20]} 4. d5 {[%emt 0:00:05]} exd5 {[%emt 0:00:04]} 5. cxd5 {[%emt 0:00:06]} d6 {[%emt 0:00:07]} 6. Nc3 {[%emt 0:00:05]} g6 {[%emt 0:00:04]} 7. e4 {[%emt 0:00:08]} Bg7 {[%emt 0:00:29]} 8. Nd2 {[%emt 0:00:15]} O-O {[%emt 0:01:08]} 9. Be2 {[%emt 0:00:12]} Nbd7 {[%emt 0:07:39]} 10. O-O {[%emt 0:00:26]} a6 {[%emt 0:02:45]} 11. a4 {[%emt 0:02:23]} Rb8 {[%emt 0:00:28]} 12. Nc4 {[%emt 0:03:04]} Nb6 {[%emt 0:03:06]} 13. Na3 {[%emt 0:11:52]} Re8 {[%emt 0:02:53]} 14. Bf3 {[%emt 0:06:22]} Nbd7 {[%emt 0:09:11]} 15. Bf4 {[%emt 0:01:03]} Ne5 {[%emt 0:00:38]} 16. Be2 {[%emt 0:00:24]} Bd7 {[%emt 0:08:26]} 17. Bg3 {[%emt 0:07:52]} (17. Re1 $11) 17... b5 $1 {[%emt 0:09:27]} 18. axb5 {[%emt 0:05:50]} axb5 $15 {[%emt 0:02:53]} 19. Naxb5 {[%emt 0:02:48]} Nxe4 {[%emt 0:04:39]} 20. Nxe4 {[%emt 0:01:28]} Bxb5 {[%emt 0:00:21]} 21. Bxb5 {[%emt 0:00:18]} Rxb5 {[%emt 0:00:02]} 22. Ra6 {[%emt 0:00:16]} Rb6 {[%emt 0:01:18]} 23. Qa4 {[%emt 0:13:33]} Rb4 {[%emt 0:02:48]} 24. Qc2 {[%emt 0:01:26]} Rxb2 {[%emt 0:02:40]} 25. Qa4 {[%emt 0:00:18]} Rb4 {[%emt 0:02:26]} 26. Qc2 {[%emt 0:00:15]} Rb2 {[%emt 0:10:40]} 27. Qa4 {[%emt 0:00:08]} *

[Event "Sheikh Russel GM 2021"]
[Site "Dhaka"]
[Date "2021.10.27"]
[Round "9.23"]
[White "Srijit Paul"]
[Black "Neelash Saha"]
[Result "0-1"]
[WhiteElo "2332"]
[BlackElo "2421"]
[Annotator "TA"]
[PlyCount "60"]
[EventDate "2021.10.19"]
[EventType "swiss"]
[EventCountry "BAN"]
[SourceTitle "playchess.com"]
[Source "ChessBase"]
[SourceQuality "1"]

{[%evp 9,60,38,34,27,26,0,28,0,7,0,0,0,0,-12,0,0,-22,-85,-53,-45,-49,-33,-37,-51,-41,-83,-85,-127,-119,-135,-118,-279,-295,-293,-281,-376,-378,-366,-262,-290,-294,-293,-290,-289,-284,-428,-394,-389,-378,-395,-360,-600,-591]} 1. e4 d5 2. exd5 Qxd5 3. Nc3 Qd8 4. Bc4 Nf6 5. Nf3 a6 6. Ne5 {[%csl Ge5][%cal Rc4f7] B01: Scandinavian Defence.} e6 $1 7. d4 Nbd7 8. Qe2 {And now Nxf7! would win.White has an edge.} Nb6 $1 {[#]} 9. Bg5 $146 ({Predecessor:} 9. Bb3 Be7 10. Bg5 O-O 11. O-O-O Nfd5 12. Bd2 Nxc3 13. Bxc3 Bg5+ 14. Bd2 Bxd2+ 15. Qxd2 {½-½ (26) Kulkarni,C (2281)-Kanakaris,G (2399) Veliko Gradiste 2018}) 9... Qxd4 {Black wants to play ...Bd6.} 10. Rd1 Qc5 11. Ne4 $1 {[%cal Re4c5]} Qa5+ (11... Qxe5 $2 12. Nxf6+ Qxf6 13. Bxf6 $18) 12. c3 $1 Be7 (12... Qxe5 $2 13. Nxf6+ Qxf6 14. Bxf6 $18) 13. Bxf6 (13. f4 $11 {keeps the balance.}) 13... Bxf6 14. Nxf6+ gxf6 15. Ng4 Qg5 16. f4 $1 {[%cal Rf4g5]} Qg7 ({Don't blunder} 16... Qxf4 $2 17. Rf1 $18) 17. Ne3 {[#]} Bd7 $1 18. Nf5 Qf8 19. Nd4 O-O-O 20. b4 $2 {Now White is beyond hope.} (20. Bd3 $17 {was worth a try.}) 20... e5 $19 21. fxe5 fxe5 22. Nf3 Nxc4 23. Qxc4 Bb5 24. Qg4+ f5 25. Rxd8+ Qxd8 26. Qxf5+ Kb8 27. Kf2 (27. a4 $142 Bd3 28. Qg5) 27... Rf8 28. Rd1 Qe7 ({Stronger than} 28... Rxf5 29. Rxd8+ Ka7 30. Ke3 $11) ({Inferior is} 28... Qxd1 29. Qxf8+ Ka7 30. Qc5+ Kb8 31. Qxe5 $11) 29. Qe4 {[#]} Bc6 $1 {[%cal Rc6e4]} 30. Qe3 (30. Qe2 Bxf3 31. gxf3) 30... Qg7 {Weighted Error Value: White=0.36/Black=0.08} 0-1